Encyclopedia of Electrochemistry of the Elements Vol. XIV Acyclic Aliphatic Halides, Alicyclic Halides, Halogenated Aromatic Carbocycles, Halogenated Heterocycles, Halonium Ions
Salvato in:
| Natura: | Libro |
|---|---|
| Lingua: | inglese |
| Pubblicazione: |
New York
Marcel Dekker
1980
|
| Soggetti: | |
| Accesso online: | Visualizza in OPAC |
| Tags: |
Nessun Tag, puoi essere il primo ad aggiungerne!!
|
MARC
| LEADER | 00000nam a2200000 a 4500 | ||
|---|---|---|---|
| 005 | 20260127133920.0 | ||
| 008 | 090309 1980 xxu 000 0 eng d | ||
| 020 | |a 082472514X | ||
| 035 | |a vtls009481302 | ||
| 039 | 9 | |a 201007071034 |b msnk88 |c 200903091022 |d mschk03 |y 200903091020 |z mschk03 | |
| 040 | |a STUSCHK1 |b slo |c STUSCHK1 |e AACR2 | ||
| 245 | 1 | |a Encyclopedia of Electrochemistry of the Elements |n Vol. XIV |p Acyclic Aliphatic Halides, Alicyclic Halides, Halogenated Aromatic Carbocycles, Halogenated Heterocycles, Halonium Ions |c editor Allen J. Bard | |
| 260 | |a New York |b Marcel Dekker |c 1980 | ||
| 300 | |a xii, 308 s. | ||
| 650 | 0 | |a elektrochemické elementy | |
| 650 | 0 | 7 | |a elektrochémia |
| 655 | 0 | |a encyklopédie | |
| 910 | |a SCHK95 | ||
| 919 | |a 0-8247-2514-X | ||
| 999 | |c 20 |d 20 | ||